000 00642nam a2200241 a 4500
001 nice12345678
003 IN_TiNIC
005 20260116012820.0
008 050524s1899 lona grp 000 0 eng
020 _a
_c100
082 0 0 _a221.6
_bSPU
100 _aSpurgeon, G H
245 _aChrist in the Old Testament
_b Sermons on Foreshadowing of Our Lord in O.T Hi
260 _aLondon
_bPassmore and Alabaster
_c1899
300 _a714p
500 _aincludes index and biblioraphy
505 2 _aIndex
650 _aBible O.T. Criticism & Interpretati
700 1 _aSpurgeon, G H
902 _bSRS
942 _cBK
999 _c8489
_d8489